The Mitfords : letters between six sisters /

Collects a selection of the more than twelve thousand letters sent between the six Mitford sisters, who were comprised of Jessica, a communist; Deborah, the Duchess of Devonshire; Nancy, a best-selling novelist; Diana, a fascist; Unity, who was obsessed with Adolf Hitler; and Pamela, a country wife.

Saved in:
Bibliographic Details
Other Authors: Mosley, Charlotte.
Format: Book
Language:English
Published: New York : Harper, c2007.
Edition:1st U.S. ed.
Subjects:
Tags: Add Tag
No Tags, Be the first to tag this record!
LEADER 01527cam a2200349Ia 4500
001 010683074-0
005 20071128151514.0
008 070322r20072007nyuafj b 001 0deng d
020 |a 9780061373640 
020 |a 0061373648 
035 0 |a ocn148887247 
040 |a BTCTA  |c BTCTA  |d BAKER  |d YDXCP  |d IEP  |d VP@  |d NTD 
043 |a e-uk---  |a e-uk-en 
050 4 |a CT787.M57  |b M585 2007 
245 0 4 |a The Mitfords :  |b letters between six sisters /  |c edited by Charlotte Mosley. 
246 1 0 |a Letters between six sisters 
250 |a 1st U.S. ed. 
260 |a New York :  |b Harper,  |c c2007. 
300 |a xxi, 834 p., [32] p. of plates :  |b ill., geneal. table ;  |c 24 cm. 
500 |a Originally published: London : Fourth Estate, 2007. 
504 |a Includes bibliographical references and index. 
520 |a Collects a selection of the more than twelve thousand letters sent between the six Mitford sisters, who were comprised of Jessica, a communist; Deborah, the Duchess of Devonshire; Nancy, a best-selling novelist; Diana, a fascist; Unity, who was obsessed with Adolf Hitler; and Pamela, a country wife. 
600 3 0 |a Mitford family  |v Correspondence. 
650 0 |a Nobility  |z Great Britain  |v Correspondence. 
650 0 |a Sisters  |z England  |v Correspondence. 
655 7 |a Records and correspondence.  |2 fast 
655 7 |a Briefsammlung.  |2 swd 
700 1 |a Mosley, Charlotte. 
776 0 8 |i Online version:  |t Mitfords.  |b 1st U.S. ed.  |d New York : Harper, ©2007  |w (OCoLC)607875226 
988 |a 20070724 
049 |a HLSS 
906 |0 OCLC